| 000 | 01820nam a2200397 c 4500 | ||
|---|---|---|---|
| 003 | BLK | ||
| 005 | 20230316173614.0 | ||
| 008 | 180409b bul|||||r ||||||| ||bul|| | ||
| 010 | _aKNG00114707000 | ||
| 020 |
_a5-05-002574-5 _bиздат.: Радуга |
||
| 040 | _aBLK | ||
| 041 |
_aRUS _cRUS |
||
| 080 |
_aАмериканска литература (на САЩ) _b821.111(73) _x-312.9 _z821.111(73)-312.9 |
||
| 080 |
_aАмериканска литература (на САЩ) _b821.111(73) _x-322.9 _z821.111(73)-322.9 |
||
| 700 | 1 |
_aСаймак, Клиффорд _eавт. на том _9118467 |
|
| 700 | 1 |
_aШекли, Роберт _e* _9311534 |
|
| 139 |
_aАмериканская фантастическая проза _bА 61 |
||
| 245 | 1 | 0 |
_aАмериканская фантастическая проза _bКн. 1 - За том: Роман ; Рассказы _cавт. на том Клиффорд Саймак; * Роберт Шекли. _nКн. 2 _pПересадочная станция |
| 257 | _aUSA | ||
| 260 |
_аМосква _bРадуга _c1990 - _fМожайск : ПК В/О Совэкспорткнига |
||
| 300 | _c21 см | ||
| 380 | _aX | ||
| 490 | 1 |
_aБиблиотека фантастики в 24 т. _vТ. 18. Кн.2) |
|
| 500 | _aОфс. изд. | ||
| 505 |
_gПовесть ; Рассказы _rРоберт Шекли _tЦивилизация статуса |
||
| 653 | _aфантастика | ||
| 653 | _aромани | ||
| 653 | _aразкази | ||
| 653 | _aповести | ||
| 760 | 1 |
_h560 с. _nБез сведение за ориг. загл. - 400 000 тир. _tКн. 2 Пересадочная станция |
|
| 852 | _aЦб 161984 | ||
| 856 | 4 |
_qpdf _u |
|
| 856 | 4 |
_qpdf _u |
|
| 942 |
_cKNG _n0 _02 |
||
| 944 |
_aCR _c20.08.2004 _kЛюдмила_Стоянова |
||
| 944 |
_aED _c09.11.2004 _k |
||
| 999 |
_c109391 _d109391 |
||